00390nam a22001577a 450000500170000000800410001702000270005804000090008504100120009408200150010610000160012124500330013726000320017030000080020265000220021020260602130128.0260602b |||||||| |||| 00| 0 eng d a9788171418695c1100.00 aMAIN aEnglish a539.7bJHA aJha, D. K.  aAtomic and Nuclear Structure aNew DelhibDiscovery c2004 a345 aPhysics (PM USHA)